La garduña de Sevilla (Record no. 42657)

MARC details
000 -LEADER
campo de control de longitud fija 00661nam a2200205 i 4500
001 - NÚMERO DE CONTROL
campo de control 42657
003 - IDENTIFICADOR DE NÚMERO DE CONTROL
campo de control ES-MaACL
005 - FECHA Y HORA DE LA ÚLTIMA TRANSACCIÓN
campo de control 20230906160645.0
007 - CAMPO FIJO DE DESCRIPCIÓN FÍSICA--INFORMACIÓN GENERAL
campo de control de longitud fija t|
008 - DATOS DE LONGITUD FIJA--INFORMACIÓN GENERAL
campo de control de longitud fija 030313s1970 sp ||||1| spa d
100 1# - ENTRADA PRINCIPAL--NOMBRE DE PERSONA
Nombre de persona Castillo Solórzano, Alonso de.
9 (RLIN) 36770
245 13 - MENCIÓN DEL TÍTULO
Título La garduña de Sevilla
Resto del título : ; Anzuelo de las bolsas /
Mención de responsabilidad, etc. Alfonso del Castillo Solórzano.
260 ## - PUBLICACIÓN, DISTRIBUCIÓN, ETC.
Lugar de publicación, distribución, etc. Madrid :
Nombre del editor, distribuidor, etc. J. Pérez del Hoyo,
Fecha de publicación, distribución, etc. [1970]
300 ## - DESCRIPCIÓN FÍSICA
Extensión 195 p. ;
Dimensiones 19 cm.
490 1# - MENCIÓN DE SERIE
Mención de serie 100 clásicos universales ;
Designación de volumen o secuencia 38
740 0# - ENTRADA AGREGADA--TÍTULO RELACIONADO/ANALÍTICO NO CONTROLADO
Título relacionado o analítico no controlado Anzuelo de las bolsas.
830 0# - PUNTO DE ACCESO ADICIONAL DE SERIE-TÍTULO UNIFORME
Título uniforme 100 clásicos universales ;
Designación de volumen o secuencia 38
9 (RLIN) 181952
852 ## - LOCALIZACIÓN
Ubicación ES-MaACL
Número de control de estantería L-11177
Sublocalización o colección R.110486
Holdings
Estatus retirado Estado de pérdida Estado de daño No para préstamo Biblioteca de origen Biblioteca actual Ubicación en estantería Fecha de adquisición Fuente de adquisición Total de préstamos Signatura topográfica completa Código de barras Visto por última vez Precio de reemplazo Tipo de ítem Koha
        Biblioteca del Ateneo de Madrid Biblioteca del Ateneo de Madrid Depósito 2 17/01/2008     L-11177 1044902 23/02/2023 23/02/2023 Libro impreso